00381nam a22001097a 4500003000400000082001900004100001300023245014200036260004400178300000800222650004100230SGT a617.6342bC25K aKushagar aComparison of different concentration of Chlorhexidine as cavity disinfectant on resin dentine bond strength duabilitybAn In Vitro Study aGurugram, HaryanabSGT Universityc2025 a111 aConservative Dentistry & Endodontics